000 00676nam a2200193 4500
001 148592
003 ES-MaACL
007 t|
008 070214s1975 sp r ||||1| spa d
100 0 _aStendhal,
_d1783-1842
_9108086
245 1 0 _aVida de Henry Brulard
_b: recuerdos de egotismo /
_cStendhal ; traducción y edición preparadas por Consuelo Berges.
260 _aMadrid :
_bAlianza,
_c1975.
300 _a455 p. ;
_c18 cm.
490 1 _aEl libro de bolsillo. Sección clásicos ;
_v593
700 1 _aBerges, Consuelo.
_927982
830 0 3 _aEl libro de bolsillo.
_pClásicos
_v593
_9179723
852 _aES-MaACL
_jL-6656
_bR.107473
999 _c148592
_d148592